LDR 01229naa#a2200217#i#450# 001 RU\\bibl\120069 005 20260512124735.2 011 ## _a2500-4026 100 ## _a20211231b2021####ek#y0rusy0150####ca 101 0# _aRUS 102 ## _aRU 200 1# _aАНАЛИЗ ФАКТОРОВ, ВЛИЯЮЩИХ НА ВЫБОР И ОБОСНОВАНИЕ РАЦИОНАЛЬНОГО СПОСОБА КОМПЛЕКТОВАНИЯ ФОРМИРОВАНИЙ ГРАЖДАНСКОЙ ЗАЩИТЫ ГРАЖДАНАМИ, ПРЕБЫВАЮЩИМИ В ЗАПАСЕ (НА ПРИМЕРЕ РЕСПУБЛИКИ КАЗАХСТАН) _eЖурнальная статья 210 1# _aЖелезногорск _cФГБОУ ВО Сибирская пожарно-спасательная академия ГПС МЧС России _d2021 215 ## _a6 с. 608 ## _aЖурнальная статья _2local 675 ## _aМероприятия по подготовке и организации деятельности сил гражданской обороны. 351.862 _zRUS 700 #1 _aКондратьев _gЕ Б 700 #1 _aМазаник _gА И 700 #1 _aФрайденберг _gА Г 700 #1 _aВеселов _gА В 856 4# _avestnik-sibpsa.editorum.ru _u